000 02007nam a2200289Ia 4500
999 _c50896
_d50896
001 17851
003 GE_BSU
005 20250218120056.0
008 181216s2015||||ge |||||||||||||| ||geo||
020 _a9789941241093
040 _cGE_BSU
041 _ageo
080 _a27-36 წ-71
245 _aწმინდა დიდმოწამე და მკურნალი პანტელეიმონი /
_c შემდგენელი კახაბერ კენკიშვილი ; გარეკანის დიზაინი რატი თორდია.
264 _aთბილისი :
_bპალიტრა L,
_c2015.
300 _a200 გვ. ;
_c20 სმ.
490 _aსაქართველოს იმედი II : ყველა წმინდანი, რომელთა შესახებაც უნდა იცოდე / პროექტის რედაქტორი თამარ მამაცაშვილი ;
_vწიგნი 34
500 _aიბეჭდება სრულიად საქართველოს კათოლიკოს-პატრიარქის, უწმინდესისა და უნეტარესის ილია II-ის ლოცვა-კურთხევით
541 _h2 ლ.
653 _aრელიგია
653 _aწმინდა დიდმოწამე და მკურნალი პანტელეიმონი
700 _aკენკიშვილი, კახაბერ
_eშემდგენელი
_924387
700 _aმამაცაშვილი, თამარ
_eპროექტის რედაქტორი
_924388
700 _aმამაცაშვილი, თამარ
_eპროექტის რედაქტორი
_924388
700 _aთორდია, რატი
_eგარეკანის დიზაინერი
_917902
942 _cBK
_2udc